000 00321nam a2200133Ia 4500
008 191201s2005 xx 000 0 und d
082 _a658.81
_bSPS
100 _aSpiegel, Murray
245 0 _aSchaum's outlines Statistics
260 _aN.Delhi
_bTMH
_c2005
300 _a538
650 _aB.Tech(CSE)
942 _2ddc
_cBK
_01
999 _c1482
_d1482